Detalles MARC
| 000 -CABECERA |
| Longitud fija campo de control |
01972nam a2200433 c 4500 |
| 001 - NÚMERO DE CONTROL |
| Número de control |
9351 |
| 003 - IDENTIFICADOR DE NÚMERO DE CONTROL |
| Identificador del número de control |
ES-MaCES |
| 005 - FECHA Y HORA DE LA ÚLTIMA TRANSACCIÓN |
| Fecha y hora de la última transacción |
20150929135817.0 |
| 008 - CAMPO FIJO DE DESCRIPCIÓN FIJA--INFORMACIÓN GENERAL |
| Códigos de información de longitud fija |
990909s1998 pe t o000 | spa d |
| 035 ## - NÚMERO DE CONTROL DEL SISTEMA |
| Número de control del sistema |
CES19990012924m |
| 040 ## - FUENTE DE CATALOGACIÓN |
| Centro catalogador de origen |
ES-MaCES |
| Lengua de catalogación |
spa |
| Centro transcriptor |
ES-MaCES |
| 245 00 - MENCIÓN DE TÍTULO |
| Título |
Proyecto OIT-Gobierno de España "fortalecimiento del diálogo social tripartito y capacitación y reconversión laboral en los países de la Subregión Andina" (RLA/94/M10-M12/SPA) |
| Nombre de parte o sección de la obra |
Acuerdos, declaraciones y resoluciones 1996-1997-1998 |
| 260 ## - PUBLICACIÓN, DISTRIBUCIÓN, ETC (PIE DE IMPRENTA) |
| Lugar de publicación, distribución, etc. |
Lima (Perú) |
| Nombre del editor, distribuidor, etc. |
[s.n.] |
| Fecha de publicación, distribución, etc. |
1998 |
| 300 ## - DESCRIPCIÓN FÍSICA |
| Extensión |
1 v. (fol. var.) |
| Dimensiones |
30 cm |
| 541 ## - NOTA DE LA FUENTE INMEDIANTE DE ADQUISICIÓN |
| Forma de adquisición |
Gratuito |
| 650 #4 - ASIENTO SECUNDARIO DE MATERIA--TÉRMINO DE MATERIA |
| Término de materia o nombre geográfico como elemento inicial |
negociación colectiva |
| 9 (RLIN) |
28362 |
| 650 #4 - ASIENTO SECUNDARIO DE MATERIA--TÉRMINO DE MATERIA |
| Término de materia o nombre geográfico como elemento inicial |
concertación tripartita |
| 9 (RLIN) |
30936 |
| 650 #4 - ASIENTO SECUNDARIO DE MATERIA--TÉRMINO DE MATERIA |
| Término de materia o nombre geográfico como elemento inicial |
Consejos Económicos y Sociales |
| 9 (RLIN) |
30859 |
| 650 #4 - ASIENTO SECUNDARIO DE MATERIA--TÉRMINO DE MATERIA |
| Término de materia o nombre geográfico como elemento inicial |
formación profesional |
| 9 (RLIN) |
27394 |
| 650 #4 - ASIENTO SECUNDARIO DE MATERIA--TÉRMINO DE MATERIA |
| Término de materia o nombre geográfico como elemento inicial |
formación profesional permanente |
| 9 (RLIN) |
29931 |
| 650 #4 - ASIENTO SECUNDARIO DE MATERIA--TÉRMINO DE MATERIA |
| Término de materia o nombre geográfico como elemento inicial |
reconversión profesional |
| 9 (RLIN) |
27386 |
| 650 #4 - ASIENTO SECUNDARIO DE MATERIA--TÉRMINO DE MATERIA |
| Término de materia o nombre geográfico como elemento inicial |
política de formación |
| 9 (RLIN) |
29974 |
| 650 #4 - ASIENTO SECUNDARIO DE MATERIA--TÉRMINO DE MATERIA |
| Término de materia o nombre geográfico como elemento inicial |
España |
| 9 (RLIN) |
26964 |
| 650 #4 - ASIENTO SECUNDARIO DE MATERIA--TÉRMINO DE MATERIA |
| Término de materia o nombre geográfico como elemento inicial |
programa de la OIT |
| 9 (RLIN) |
29032 |
| 650 #4 - ASIENTO SECUNDARIO DE MATERIA--TÉRMINO DE MATERIA |
| Término de materia o nombre geográfico como elemento inicial |
región andina |
| 9 (RLIN) |
26765 |
| 650 #4 - ASIENTO SECUNDARIO DE MATERIA--TÉRMINO DE MATERIA |
| Término de materia o nombre geográfico como elemento inicial |
1996-1998 |
| 9 (RLIN) |
31180 |
| 650 #4 - ASIENTO SECUNDARIO DE MATERIA--TÉRMINO DE MATERIA |
| Término de materia o nombre geográfico como elemento inicial |
resolución |
| 9 (RLIN) |
28949 |
| 650 #4 - ASIENTO SECUNDARIO DE MATERIA--TÉRMINO DE MATERIA |
| Término de materia o nombre geográfico como elemento inicial |
declaración |
| 9 (RLIN) |
28950 |
| 653 10 - TÉRMINO DE INDEXACIÓN--NO CONTROLADO |
| Término no controlado |
Relaciones laborales-Empleo |
| 650 #4 - ASIENTO SECUNDARIO DE MATERIA--TÉRMINO DE MATERIA |
| 9 (RLIN) |
28369 |
| Término de materia o nombre geográfico como elemento inicial |
relaciones laborales |
| 650 #4 - ASIENTO SECUNDARIO DE MATERIA--TÉRMINO DE MATERIA |
| 9 (RLIN) |
30664 |
| Término de materia o nombre geográfico como elemento inicial |
concertación social |
| 787 0# - ENTRADA DE OTRAS ESPECIFICACIONES |
| Título |
Memorias |
| Número de control del registro relacionado |
(ES-MaCES)8534 |
| 787 0# - ENTRADA DE OTRAS ESPECIFICACIONES |
| Título |
Proyecto OIT-Gobierno de España "fortalecimiento del diálogo social tripartito y capacitación y reconversión laboral en los países de la Subregión Andina" (RLA/94/M10-M12/SPA) |
| Número de control del registro relacionado |
(ES-MaCES)9348 |
| 787 0# - ENTRADA DE OTRAS ESPECIFICACIONES |
| Título |
Proyecto OIT-Gobierno de España "fortalecimiento del diálogo social tripartito y capacitación y reconversión laboral en los países de la Subregión Andina" (RLA/94/M10-M12/SPA) |
| Número de control del registro relacionado |
(ES-MaCES)9350 |
| 787 0# - ENTRADA DE OTRAS ESPECIFICACIONES |
| Título |
Reconversión y capacitación laboral para el siglo XXI |
| Número de control del registro relacionado |
(ES-MaCES)6004 |
| 902 ## - CES. TIPO DE DOCUMENTO |
| Tipodoc (006$c Sirtex) |
LIB Libro |
| 942 ## - ELEMENTOS KOHA |
| Fuente de clasificaión o esquema |
Clasificación propia del CES |
| Koha [por defecto] tipo de item |
Monografías |
| Parte de clasificación |
2.0. |